Report of the state Administrative Reforms Commission, Sikkim (Record no. 491896)

000 -LEADER
fixed length control field 00518cam a22001457a 4500
008 - FIXED-LENGTH DATA ELEMENTS--GENERAL INFORMATION
fixed length control field 180718b2010 xxu||||| |||| 00| 0 eng d
082 ## - DEWEY DECIMAL CLASSIFICATION NUMBER
Classification number I5135x5415 AR
100 ## - MAIN ENTRY--PERSONAL NAME
Personal name Sikkim. Administrative Reforms Commission
245 ## - TITLE STATEMENT
Title Report of the state Administrative Reforms Commission, Sikkim
260 ## - PUBLICATION, DISTRIBUTION, ETC.
Place of publication, distribution, etc. Gangtok
Name of publisher, distributor, etc. State Administrative Reforms Commission
Date of publication, distribution, etc. 2010
300 ## - PHYSICAL DESCRIPTION
Extent 182p.
500 ## - GENERAL NOTE
General note Chairman: K. Sreedhar Rao
650 ## - SUBJECT ADDED ENTRY--TOPICAL TERM
Topical term or geographic name entry element Administrative reorganisation - India - Gangtok
700 ## - ADDED ENTRY--PERSONAL NAME
Personal name Sreedhar Rao, K. (Chairman)
Holdings
Withdrawn status Lost status Damaged status Not for loan Permanent Location Current Location Date acquired Full call number Barcode Date last seen Price effective from Koha item type
        Indian Institute of Public Administration Indian Institute of Public Administration 2018-08-04 I5135x5415 AR GG29801 2018-08-04 2018-08-04 GG

Powered by Koha